Statistiche per Stemmi Squadre di calcio - UEFA - Quiz n°1

Clicka qui per fare il quiz!

Statistiche generali

  • Questo quiz è stato fatto 202 volte
  • Il punteggio medio è 8 su 10

Statistiche sulle risposte

Risposta% Corretto
Udinese Calcio
100%
Athletic Club
99%
Associazione Calcio Milan
93%
Espérance Sportive Troyes Aube Champagne
92%
Athletic Football Club Bournemouth
90%
Ipswich Town Football Club
89%
Real Club Celta de Vigo
85%
Real Racing Club de Santander
48%
Havre Athletic Club
46%
Real Sporting de Gijón
36%

Distribuzione punteggi

Percentile per numero di risposta

Percentuale di utenti per punteggio

I tuoi punteggi nel tempo

Non hai fatto questo quiz